Vilniaus Universiteto istorija. - Vilnius : Valstybinis Leidybos Centras. - 1994 [Rezension]

Titel: Vilniaus Universiteto istorija. - Vilnius : Valstybinis Leidybos Centras. - 1994 [Rezension]
Verfasser:
In: Zapiski historyczne, Band 61, Heft 2/3 (1996), Seite 99-101 (255-257)
alle Artikel anzeigen
Veröffentlicht: 1996
Format: Aufsatz
Sprache: Polnisch
Kein Bild verfügbar
X
alg: 39515859
001A    $01999:12-11-16 
001B    $01999:09-08-21 $t17:41:27.000 
001D    $01999:12-11-16 
001U    $0utf8 
001X    $00 
002@    $0Aox 
003@    $0395158591 
007A    $0395158591 $aHEB 
007T    $0Herde14867 
010@    $apol 
011@    $a1996 
021A    $a@Vilniaus Universiteto istorija. - Vilnius : Valstybinis Leidybos Centras. -  1994 [Rezension] 
028A    $#Visneris, Henrikas $7103223452 $8Wisner, Henryk$Z1936- [Tp1] $9138648964 
031A    $d61 $e2/3 $h99-101 (255-257) $j1996 
039B    $aIn $8--Abvc--. Zapiski historyczne. - Toruń {[u.a.] : TNT, 1956-. - ISSN 0044-1791 $x199600000610002901 $904810552X 
039T    $8--Aayc--. @Vilniaus Universiteto istorija. - Vilnius : Valstybinis Leidybos Centras, 1994. - 341 S.. - Ill.. - ISBN 9986-09-047-4 $9035321318 
045F    $a900.94793 $eDDC23BSB 
045F/01 $a900 
045F/03 $g4793 

lok: 39515859 78

exp: 39515859 78 1 #EPN
201B/01 $018-11-16 $t13:55:32.000 
201U/01 $0utf8 
203@/01 $0791461041 
208@/01 $a12-11-16 $be 
209A/01 $a/ $f000 $x00 
220C/01 $aTitelaufnehmer: pk 
220C/01 $aHerkunft: Baltische Bibliographie / P. Kaegbein 
244Z/01 $2Trx $#Litauen $#Lithuania $#Litwa $#Litva $#Litva $8--Trx--Lietuva $x01 $9391193457 
244Z/01 $2Trx $#arvustused $#recenzijos $#Reviews $#recenziók $#recenzje $#recenzie $#recenze $8--Trx--Rezensionen $x02 $9391357441 
247C/01 $82080>Marburg/Lahn, Herder-Institut, Forschungsbibliothek, Bibliographieportal $9336309341
LEADER 00000caa a22000002c 4500
001 395158591
003 DE-603
005 20210809174127.0
007 tu
008 161112s1996 xx |||| | u00||u|pol c
035 |a (DE-599)HEB395158591 
040 |a DE-603  |b ger  |c DE-603  |d DE-603 
041 |a pol 
082 0 4 |8 1\u  |a 900.94793  |q DE-101  |2 23/BSB 
085 |8 1\u  |b 900 
085 |8 1\u  |z 2  |s 4793 
100 1 |a Wisner, Henryk  |d 1936-  |0 (DE-603)138648964  |0 (DE-588)103223452  |2 gnd 
245 0 0 |a Vilniaus Universiteto istorija. - Vilnius : Valstybinis Leidybos Centras. - 1994 [Rezension] 
264 0 |c 1996 
773 0 8 |i In  |t Zapiski historyczne  |d Toruń ˜[u.a.] œ: TNT, 1956-  |x 0044-1791  |g Band 61, Heft 2/3 (1996), Seite 99-101 (255-257)  |w (DE-603)04810552X  |w (DE-600)860296-7 
787 0 8 |i Rezension von  |t Vilniaus Universiteto istorija  |d Vilnius : Valstybinis Leidybos Centras, 1994  |h 341 S., Ill.  |z 9986090474  |w (DE-603)035321318 
924 0 |9 2080  |a (DE-603)791461041  |b DE-2080  |c HES  |d d  |g /